|
|
|
|
| LEADER |
01776cas a2200253 a 4500 |
| 001 |
AALejournalIMF004154 |
| 008 |
230101c9999 xx r poo 0 0eng d |
| 020 |
|
|
|c 5.00 USD
|
| 020 |
|
|
|z 9781451863802
|
| 022 |
|
|
|a 1018-5941
|
| 040 |
|
|
|a BD-DhAAL
|c BD-DhAAL
|
| 100 |
1 |
|
|a Ahmad, Ehtisham.
|
| 245 |
1 |
0 |
|a Fiscal Decentralization and Public Subnational Financial Management in Peru /
|c Ehtisham Ahmad, Mercedes Garcia-Escribano.
|
| 264 |
|
1 |
|a Washington, D.C. :
|b International Monetary Fund,
|c 2006.
|
| 300 |
|
|
|a 1 online resource (25 pages)
|
| 490 |
1 |
|
|a IMF Working Papers
|
| 500 |
|
|
|a <strong>Off-Campus Access:</strong> No User ID or Password Required
|
| 500 |
|
|
|a <strong>On-Campus Access:</strong> No User ID or Password Required
|
| 506 |
|
|
|a Electronic access restricted to authorized BRAC University faculty, staff and students
|
| 520 |
3 |
|
|a There is increasing interest in fiscal decentralization in Peru as a mechanism to generate more involved decision-making at the subnational level. This is tempered with a continuing emphasis on overall fiscal stability. However, considerable work needs to be undertaken to define more clearly expenditure responsibilities and financing mechanisms that increase local accountability. In addition, a more transparent fiscal transfer system is needed, together with clarity in expenditure management at all levels of government. The paper suggests that a substantial work agenda is needed to extend the decentralization process with greater transparency.
|
| 538 |
|
|
|a Mode of access: Internet
|
| 700 |
1 |
|
|a Garcia-Escribano, Mercedes.
|
| 830 |
|
0 |
|a IMF Working Papers; Working Paper ;
|v No. 2006/120
|
| 856 |
4 |
0 |
|z Full text available on IMF
|u http://elibrary.imf.org/view/journals/001/2006/120/001.2006.issue-120-en.xml
|z IMF e-Library
|